Dirección de Mercadotecnia (Registro nro. 1499)

Detalles MARC
000 -LEADER
fixed length control field 01747 a2200217 4500
001 - CONTROL NUMBER
control field 26783
005 - DATE AND TIME OF LATEST TRANSACTION
control field 20260407155545.0
008 - FIXED-LENGTH DATA ELEMENTS--GENERAL INFORMATION
fixed length control field 260407a1969 arg spa d
003 - CONTROL NUMBER IDENTIFIER
control field AR-UNSa-BCEJYS
040 ## - CATALOGING SOURCE
Original cataloging agency AR-UNSa-BCEJYS
Language of cataloging spa
Transcribing agency AR-UNSa-BCEJYS
080 ## - UNIVERSAL DECIMAL CLASSIFICATION NUMBER
Universal Decimal Classification number 658.8
Common auxiliary subdivision Organización de mercados. Marketing. Ventas. Distribución
100 1# - MAIN ENTRY--PERSONAL NAME
Personal name Kotler, Philip
245 10 - TITLE STATEMENT
Title Dirección de Mercadotecnia
Name of part/section of a work Análisis, planeación y control.
264 #1 - PRODUCTION, PUBLICATION, DISTRIBUTION, MANUFACTURE, AND COPYRIGHT NOTICE
Place of production, publication, distribution, manufacture México :
Name of producer, publisher, distributor, manufacturer Diana
Date of production, publication, distribution, manufacture, or copyright notice 1969
300 ## - PHYSICAL DESCRIPTION
Extent 715 p.
Dimensions 23 cm.
505 ## - FORMATTED CONTENTS NOTE
Formatted contents note Parte I: Análisis de mercadotecnia: 1. Dirección y concepto de mercadotecnia - 2. Mercados y el medio ambiente de la mercadotecnia - 3. Segmentación del mercado - 4. Comportamiento del consumidor - 5. Pronóstico y medición del mercado - Parte II: Organización d la actividad de mercadotecnia: 6. Objetivos de la empresa y organización de mercadotecnia - 7. Planeación de la mercadotcnia - 8. Toma de decisions en mercadotecnia - 9. Investigación y sistemas de mercadotecnia - 11. Creatividad en mercadotecnia - Parte III: Planeación de mercadotecnia : 12. Teoría de la programación de mercadotecnia - 13. Decisiones depolítica de productos - 14. Decisiones referentes a productos de precios - 15. Decisiones en materia de precios - 16. Decisiones respecto a canales de distribución - 17. Decisiones acerca de la distribución física - 18. Decisiones acerca de la fuerza de ventas - 20. Decisiones de mercadotecnia y la ley - Parte IV: Control del esfuerzo de mercadotecnia: 21. Control de la mercadotecnia - 22. Análisis de ventas y de costos - 23. Auditoría de mercadotecnia.
590 ## - LOCAL NOTE (RLIN)
Local note niveau_biblio:m niveau_hierar:0
700 1# - ADDED ENTRY--PERSONAL NAME
Personal name Brunell, Alfredo
700 1# - ADDED ENTRY--PERSONAL NAME
Personal name Palazón Beltrán, Ramón
942 ## - ADDED ENTRY ELEMENTS (KOHA)
Koha item type
Existencias
Withdrawn status Lost status Damaged status Not for loan Home library Current library Shelving location Date acquired Total checkouts Full call number Barcode Date last seen Price effective from Koha item type
        Biblioteca Prof. Eusebio Cleto del Rey Biblioteca Prof. Eusebio Cleto del Rey   07/04/2026   658.8 K87i L23170 07/04/2026 07/04/2026 Libro